000 01691nam0a2200325 4500
001 RU\NLR\b_ik\104844
005 20250616225211.0
035 _a(NLR Aleph) 002178689
090 _a2753109
_c2753109
100 _a20040106d2002 |||y0rusy50 ca
101 0 _aeng
102 _aRU
105 _aa |||||||||
200 1 _aConfronting spectral functions from e+e- annihilation and decays
_eConsequences for the muon magnetic moment
_fM. Davier, S. Eidelman, A. Höcker a. Z. Zhang
210 _aNovosibirsk
_cBudker inst. of nuclear physics SB RAS
_d2002
215 _a59 с.
_cил.
_d21
225 1 _aSiberian Branch of Russian academy of science, Budker institute of nyclear physics
_vBudker INP 2002-74
300 _aВ вып. дан.: Сравнение спектральных функций из e+e- аннигиляций и распадов : Следствия для магнит. момента мюона / М. Давье, С. Эйдельман, А. Хёкер, З. Манг
320 _aБиблиогр.: с. 52-59
517 0 _aСравнение спектральных функций из e+e- аннигиляций и распадов : Следствия для магнит. момента мюона
606 0 _aЭлектронно-позитронные пары
_xАннигиляция
_9914937
_3RU\NLR\AUTH\6615208
606 0 _aЭлектронно-позитронные пары
_xРаспад
_92316854
_3RU\NLR\AUTH\661386267
686 4 _aВ382.341
701 1 _aDavier
_bM.
_gM.
_4070
701 1 _aEidelman
_bS.
_gS.
_4070
701 1 _aHöcker
_bA.
_gA.
_4070
801 0 _aRU
_bNLR
_c20040106
_gPSBO
942 _cBOOK
980 _aNB